000 00373nam a2200133Ia 4500
005 20260328104323.0
008 260328s9999||||xx |||||||||||||| ||und||
100 _aKucukerman, Onder
245 0 _aTurkish House :
_b in search of spatail identity /
_cOnder Kucukerman
260 _bTürkiye Turing ve Otomobil Kurumu
300 _a214 p.
650 _aTURQUIA
942 _cBK
999 _c11427
_d11427